Linear integrated circuits (Record no. 1515)

MARC details
000 -LEADER
Fixed length control field 00507nam a2200181 4500
003 - CONTROL NUMBER IDENTIFIER
Control field SEACOMEC
005 - DATE AND TIME OF LATEST TRANSACTION
Control field 20240805130454.0
008 - FIXED-LENGTH DATA ELEMENTS--GENERAL INFORMATION
Fixed length control field 240210b |||||||| |||| 00| 0 eng d
020 ## - INTERNATIONAL STANDARD BOOK NUMBER / ISBN
Price Rs.290.00
040 ## - CATALOGING SOURCE
Original cataloging agency SEACOMEC
082 ## - DEWEY DECIMAL CLASSIFICATION NUMBER
Classification number 621.3815
Book Number S245
100 ## - MAIN ENTRY--PERSONAL NAME
Personal name Sarkar, S.C.
245 1# - TITLE STATEMENT
Title Linear integrated circuits
Statement of responsibility S.C. Sarkar and J. F. Khan
260 ## - IMPRINT
Place of publication Pune
Name of publisher Everest
Date of publication 2001
650 ## - SUBJECT ADDED ENTRY--TOPICAL TERM
Topical term Electronics, communications engineering- Components and circuits
700 ## - ADDED ENTRY--PERSONAL NAME
Personal name Khan, J. F.
942 ## - ADDED ENTRY ELEMENTS (KOHA)
Koha item type Books
Holdings
Withdrawn status Lost status Source of classification Damaged status Not for loan Home library Current library Date acquired Total Checkouts Call number Accession number Date last seen Price effective from Koha item type Copy number
    Dewey Decimal Classification     SEACOM ENGINEERING COLLEGE SEACOM ENGINEERING COLLEGE 20/03/2007   621.3815 S245 06444 05/08/2024 05/08/2024 Books  
    Dewey Decimal Classification     SEACOM ENGINEERING COLLEGE SEACOM ENGINEERING COLLEGE 20/03/2007   621.3815 S245 06445 05/08/2024 05/08/2024 Books 1
    Dewey Decimal Classification     SEACOM ENGINEERING COLLEGE SEACOM ENGINEERING COLLEGE 20/03/2007   621.3815 S245 06446 05/08/2024 05/08/2024 Books 2
    Dewey Decimal Classification     SEACOM ENGINEERING COLLEGE SEACOM ENGINEERING COLLEGE 20/03/2007   621.3815 S245 06447 05/08/2024 05/08/2024 Books 3
    Dewey Decimal Classification     SEACOM ENGINEERING COLLEGE SEACOM ENGINEERING COLLEGE 20/03/2007   621.3815 S245 06448 05/08/2024 05/08/2024 Books 4
© Seacom Engineering College, All rights reserved.      Powered by Koha